Laxminath Bezbaroa : (Record no. 10768)

MARC details
000 -LEADER
fixed length control field 00516cam a2200181ua 4500
008 - FIXED-LENGTH DATA ELEMENTS--GENERAL INFORMATION
fixed length control field 191228n ii |||gr||||Z||||||asm
020 ## - INTERNATIONAL STANDARD BOOK NUMBER
International Standard Book Number 9788176655101
040 ## - CATALOGING SOURCE
Transcribing agency MAIN
082 ## - DEWEY DECIMAL CLASSIFICATION NUMBER
Classification number 891.4513
100 ## - MAIN ENTRY--PERSONAL NAME
Personal name Homen Borgohain .,
Relator term
245 ## - TITLE STATEMENT
Title Laxminath Bezbaroa :
Remainder of title sadhukatha aru hozkotha /
Statement of responsibility, etc. Compiled by Homen Borgohain .
250 ## - EDITION STATEMENT
Edition statement 2nd ed.
260 ## - PUBLICATION, DISTRIBUTION, ETC.
Place of publication, distribution, etc. Guwahati:
Name of publisher, distributor, etc. student stores,
Date of publication, distribution, etc. 2016.
300 ## - PHYSICAL DESCRIPTION
Extent 368p.
942 ## - ADDED ENTRY ELEMENTS (KOHA)
Koha item type Books
653 ## - INDEX TERM--UNCONTROLLED
Uncontrolled term East Indo-European & Celtic literatures
Holdings
Withdrawn status Lost status Damaged status Not for loan Home library Current library Shelving location Date acquired Total Checkouts Full call number Barcode Date last seen Date last checked out Copy number Price effective from Koha item type
        Central Library, Naharkatiya College Central Library, Naharkatiya College General Stacks 19/09/2020 2 891.4513LAX 24324 13/10/2023 04/10/2023 1 19/09/2020 Books
        Central Library, Naharkatiya College Central Library, Naharkatiya College General Stacks 19/09/2020 3 891.4513LAX 24325 20/12/2023 06/12/2023 2 19/09/2020 Books

Naharkatiya College © 2020. All rights reserved.

Powered By